000 00987nam a22002537a 4500
005 20090526113420.0
008 090526t xxu||||| |||| 00| 0 eng d
010 _aENG-93728
020 _a9788175053007
_c110.00
020 _a8175053003
_c110.00
035 _aEN-77261
037 _bDBAD / PUB
040 _adpl
_bEnglish
082 _a220.24
100 _aNikhilananda
245 _aThe Upanishads:
_cby Swami Nikhilananda
_bKatha, Isa, Kena, Mundaka, Svetasvatara, Prasna, Mandukya, Aitareya, Brihadaranyaka, Taittiriya, and Chhandogya /
260 _aKolkata
_bAdvaita Asharam
_c2008
270 _a5 Dehi Entally Raod,
_bKolkata
_e700014
300 _a392p.
_c22cm(Hb)
500 _aIncludes glossary and index
650 _aUpanishads
942 _2ddc
_cEN
_mNIK
_h220.24
999 _c26804
_d26804